000 01128nam a22003377a 4500
003 CHAP
005 20220329143915.0
008 120809s2001 mx a r 00010 spa d
010 _a103574
011 _a104546
020 _a9706547878
035 _a115236
040 _cCHAP
082 0 4 _a333.954
_bR42
245 0 0 _aReproducción y manejo de fauna silvestre
_c/editado por
260 _aMéxico :
_bUAM. Iztapalapa,
_c2001
300 _a308 p. :
_bilus., tablas
590 _aBATCH-UPD
_b10
_c20130110
_lUCH01
_h1644
590 _aBATCH-UPD
_b10
_c20130410
_lUCH01
_h1035
590 _aBATCH-UPD
_b10
_c20130914
_lUCH01
_h1702
590 _aCONVERSION
_b10
_c20130109
_lUCH01
_h1357
650 1 4 _aVida silvestre.
_9119155
700 0 _aVelázquez Moctezuma, Javier.
_9118581
700 1 _aJaramillo Jaimes, María Teresa.
_961121
700 1 _aOlivera López, Jorge Iván.
_983106
901 _aBK
911 _aen proceso
942 _cLIBRO
949 _a333.954 R42
_bBC
_cLIBRO
_d33724002337371
_eLIBRO
_gI.c/e
_h117083
_i115236
_st
949 _a333.954 R42
_bBC
_cLIBRO
_d33724002337413
_eLIBRO
_fc.2
_gI.c/e
_h117084
_i115236
_st
999 _c103574
_d103574